Verdi's La traviata (Record no. 154982)
[ view plain ]
| 000 -LEADER | |
|---|---|
| fixed length control field | 01475nam a2200373Ia 4500 |
| 082 04 - DEWEY DECIMAL CLASSIFICATION NUMBER | |
| Classification number | 782.1 |
| 100 1# - MAIN ENTRY--AUTHOR NAME | |
| Personal name | Verdi, Giuseppe, |
| 245 10 - TITLE STATEMENT | |
| Title | Verdi's La traviata |
| 260 ## - PUBLICATION, DISTRIBUTION, ETC. (IMPRINT) | |
| Place of publication | Coral Gables, FL : |
| Name of publisher | Opera Journeys Publishing, |
| Year of publication | c2001. |
| 300 ## - PHYSICAL DESCRIPTION | |
| Number of Pages | 109 p. : |
| Other physical details | music. |
| 490 1# - SERIES STATEMENT | |
| Series statement | Opera classics library |
| 650 #0 - SUBJECT ADDED ENTRY--TOPICAL TERM | |
| Topical Term | Operas |
| 700 1# - ADDED ENTRY--PERSONAL NAME | |
| Personal name | Fisher, Burton D. |
| Personal name | Piave, Francesco Maria, |
| 856 40 - ELECTRONIC LOCATION AND ACCESS | |
| Uniform Resource Identifier | http://site.ebrary.com/lib/rucke/Doc?id=10075761 |
No items available.
